[Event "CXV R - 017 email"]
[Site "Brazil CXV"]
[Date "2000.10.05"]
[Round "?"]
[White "Balcazar Novoa, Luis Marcos"]
[Black "De Campos Fernandes, Ronaldo"]
[Result "1-0"]
[WhiteElo "2064"]
[BlackElo "1540"]
[PlyCount "63"]
[EventDate "2000.??.??"]
[EventType "tourn (corr)"]
[EventRounds "6"]
[EventCountry "BRA"]
[SourceTitle "Corr 2004"]
[Source "ChessBase"]
[SourceDate "2003.04.28"]
[SourceVersion "3"]
[SourceVersionDate "2003.04.28"]
[SourceQuality "1"]

1. e4 c5 2. Nf3 d6 3. d4 cxd4 4. Nxd4 Nf6 5. Nc3 a6 6. Bc4 e6 7. Bb3 b5 8. Qf3 e5 9. Nf5 g6 10. Ne3 Nc6 11. Ned5 Nxd5 12. Nxd5 Be7 13. Be3 Nd4 14. Bxd4 exd4 15. 0-0-0 Bg5+ 16. Kb1 0-0 17. Rxd4 Bb7 18. h4 Bxd5 19. Rxd5 Be7 20. h5 g5 21. e5 Rc8 22. exd6 Bxd6 23. Qd3 Rc6 24. Rd1 Re8 25. Qd4 h6 26. Rf5 Re6 27. Bxe6 fxe6 28. Rf6 Rc7 29. Rg6+ Kh7 30. Qe4 Kh8 31. Rxd6 Rd7 32. Rxh6+ 1-0